000 00820cab a2200241 4500
001 ABS55283
008 090401t xxu||||| |||| 00| 0 eng d
035 _a(Sirsi) u15439
041 _aeng
245 _aCost model: theatres
350 _a0
490 _aBuilding
_v261(7945) Procurement supplement 17-25(9)
520 _aProvides a cost model for theatres. Includes design criteria and a development programme and cost breakdown for the refurbishment of Cambridge Arts Theatre.
650 _aBUILT ENVIRONMENT-BUILDING COSTS
650 _aCOST MODELS
650 _aDAVIS LANGDON & EVEREST
650 _aDEVELOPMENT PROGRAMMES
650 _aBUILT ENVIRONMENT-BUILDING MAINTENANCE AND REFURBISHMENT
650 _aTHEATRES
690 _aBUILT ENVIRONMENT-BUILDING COSTS
942 _n0
948 _c04/03/1997
999 _c10125
_d10125